Historia de Carlos IV / (Record n. 8129)
[ formato base ]
| 000 -LEADER | |
|---|---|
| fixed length control field | 00924nam a22002531 4500 |
| 003 - CONTROL NUMBER IDENTIFIER | |
| control field | IT-RoINE |
| 005 - DATE AND TIME OF LATEST TRANSACTION | |
| control field | 20150701053902.0 |
| 008 - FIXED-LENGTH DATA ELEMENTS--GENERAL INFORMATION | |
| fixed length control field | 940725s1959 sp 000 spa d |
| 040 ## - CATALOGING SOURCE | |
| Original cataloging agency | SpMaBN |
| Language of cataloging | spa |
| Transcribing agency | A2 IT-RoINE |
| Modifying agency | SpMaBN |
| -- | IT-RoINE |
| 100 1# - MAIN ENTRY--PERSONAL NAME | |
| Personal name | Muriel, Andrés, |
| Dates associated with a name | 1776-1838 |
| 9 (RLIN) | 16778 |
| 245 10 - TITLE STATEMENT | |
| Title | Historia de Carlos IV / |
| Statement of responsibility, etc | Andres Muriel ; edición y estudio preliminar de Carlos Seco Serrano. |
| 260 ## - PUBLICATION, DISTRIBUTION, ETC. (IMPRINT) | |
| Place of publication, distribution, etc | Madrid : |
| Name of publisher, distributor, etc | Atlas, |
| Date of publication, distribution, etc | 1959. |
| 300 ## - PHYSICAL DESCRIPTION | |
| Extent | 2 v. ; |
| Dimensions | 26 cm. |
| 336 ## - CONTENT TYPE | |
| Source | rdacontent |
| Content type term | text |
| 337 ## - MEDIA TYPE | |
| Source | rdamedia |
| Media type term | unmediated |
| 338 ## - CARRIER TYPE | |
| Source | rdacarrier |
| Carrier type term | volume |
| 490 1# - SERIES STATEMENT | |
| Series statement | Biblioteca de autores españoles ; |
| Volume number/sequential designation | 114-115 |
| 500 ## - GENERAL NOTE | |
| General note | Índice onomástico: v. 2, p. [427]-437. |
| 651 #4 - SUBJECT ADDED ENTRY--GEOGRAPHIC NAME | |
| Geographic name | España |
| General subdivision | Historia |
| Chronological subdivision | 1788-1808 (Carlos IV) |
| 9 (RLIN) | 7013 |
| 600 0# - SUBJECT ADDED ENTRY--PERSONAL NAME | |
| 9 (RLIN) | 16779 |
| Personal name | Carlos |
| Numeration | IV, |
| Titles and other words associated with a name | Rey de España, |
| Dates associated with a name | 1748-1819 |
| 700 1# - ADDED ENTRY--PERSONAL NAME | |
| Personal name | Seco Serrano, Carlos, |
| 9 (RLIN) | 7279 |
| Dates associated with a name | 1923- |
| 830 #0 - SERIES ADDED ENTRY--UNIFORM TITLE | |
| 9 (RLIN) | 12318 |
| Uniform title | Biblioteca de autores españoles |
| 942 ## - ADDED ENTRY ELEMENTS (KOHA) | |
| Item type | Monografías |
| Withdrawn status | Lost status | Damaged status | Not for loan | Home library | Current library | Date acquired | Total Checkouts | Full call number | Barcode | Date last seen | Price effective from | Koha item type | Public note |
|---|---|---|---|---|---|---|---|---|---|---|---|---|---|
| Iglesia Nacional Española en Roma | Iglesia Nacional Española en Roma | 18/02/2015 | COL.A 20.114 | 10946 | 18/02/2015 | 18/02/2015 | Monografías | T. I | |||||
| Iglesia Nacional Española en Roma | Iglesia Nacional Española en Roma | 18/02/2015 | COL.A 20.115 | 10947 | 18/02/2015 | 18/02/2015 | Monografías | T. II |